Vista normal
Vista MARC
- Personas con discapacidad
Entrada Materia
Número de registros utilizados en: 10
001 - NÚMERO DE CONTROL
- campo de control: 113
003 - IDENTIFICADOR DEL NÚMERO DE CONTROL
- campo de control: ES-MaFIAP
005 - FECHA Y HORA DE LA ÚLTIMA TRANSACCIÓN
- campo de control: 20220913161912.0
008 - DATOS DE LONGITUD FIJA
- campo de control de longitud fija: 220913|| aca||aabn | a|a d
040 ## - FUENTE DE LA CATALOGACIÓN
- Centro catalogador/agencia de origen: ES-MaFIAP
- Centro/agencia transcriptor: ES-MaFIAP
150 ## - ENCABEZAMIENTO--TÉRMINO DE MATERIA
- Término de materia o nombre geográfico como elemento de entrada: Personas con discapacidad
- Subdivisión general: Igualdad de oportunidades
- Subdivisión geográfica: España
670 ## - FUENTE DE DATOS ENCONTRADOS
- Cita de la fuente: Work cat.: (ES-MaFIAP)0: Fondos estructurales y de inversión europeos 2014-2020 :, 2014





